000 00558nam a2200217 i 4500
001 Rebiun01774649
003 AR-RoIUNI
005 20250623162138.0
008 061214s2006 xx 000 0 eng d
020 _a9508084987
020 _a9789508084989
040 _aBUS
_cAR-RoIUNI
080 _a 150.195
100 1 _aRabant, Claude
245 1 0 _aClins (o la ruta en marcha) /
_cClaude Rabant
260 _aRosario :
_bHomo Sapiens,
_c2006
300 _a104 p. ;
_c22 cm
650 0 4 _aPsicoanalisis
650 0 4 _aPSICOLOGIA
_9108
942 _2cdu
_cBK
999 _c6042
_d6042